Obálka Náhled e-knihy:
PDF
Pro půjčování e-knih musíte být přihlášeni.
Jak si půjčit online?

Dějiny světa 2 /

Druhý svazek se věnuje období 1200 př. Kr. až 600 po Kr. a soustřeďuje se na dvě nejdůležitější oblasti vývoje ve starověku – Středomoří a Blízký východ, a čínskou civilizaci Dálného východu. Sleduje významné státy a kultury antického světa – novoasyrskou říši, Írán, starověký Izrael, antické Řecko,...

Celý popis

Uloženo v:
Série:Dějiny světa, část 2
Hlavní autor: Adolf Lehmann, Gustav (Autor)
Médium: E-kniha
Jazyk:Czech
Vydáno: Praha : Albatros Media a.s., 2020
Příbuzné jednotky:Z cyklu:: Dějiny světa
Tagy:
Žádné tagy
LEADER 01528nam a22002417i 4500
001 311275
007 ta
008 260601s2020 xr ||||| |||| 00| 0 cze d
020 |a 9788076011946 
044 |a xr 
100 1 |a  Adolf Lehmann, Gustav  |4 aut 
245 1 0 |a Dějiny světa 2 /  |c  Adolf Lehmann, Gustav 
240 1 0 |a WBG Weltgeschichte 
264 1 |a Praha :  |b Albatros Media a.s.,  |c 2020 
300 |a 1 online zdroj (480 stran) 
336 |a text  |b txt  |2 rdacontent 
337 |a bez média  |b n  |2 rdamedia 
338 |a online zdroj  |b cr  |2 rdacarrier 
520 2 |a Druhý svazek se věnuje období 1200 př. Kr. až 600 po Kr. a soustřeďuje se na dvě nejdůležitější oblasti vývoje ve starověku – Středomoří a Blízký východ, a čínskou civilizaci Dálného východu. Sleduje významné státy a kultury antického světa – novoasyrskou říši, Írán, starověký Izrael, antické Řecko, dramatické proměny v epoše helénismu počínaje Alexandrovým tažením, období dominance Říma a závěrem obrací pohled k Indii, Číně a dalším oblastem Dálného Východu. 
787 0 8 |g 2  |i Z cyklu:  |t Dějiny světa 
910 |a RBIT002 
998 |d 294997  |a https://core.palmknihy.cz/api/books/294997/cover?si67af  |b https://core.palmknihy.cz/api/books/294997/cover/400?si67af  |c https://core.palmknihy.cz/api/books/294997/cover/50?si67af  |e 2030-06-30  |g 480  |i 9788076011946  |k https://core.palmknihy.cz/api/books/294997/preview.pdf  |l   |q 49  |r 1  |s https://www.palmknihy.cz/kniha/294997  |t ebook  |y 2020  |z 1  |v Dějiny světa  |w 2 
999 |d 311273